MARC

LEADER 00000nam0a2200000 4500
001 271530
005 20231101234439.0
020 |a RU  |b 87-50488 
035 |a (RuTPU)RU\TPU\book\294712 
090 |a 271530 
100 |a 20141008d1987 km y0rusy5003 ca 
101 0 |a rus 
102 |a MD 
105 |a y a 001zy 
200 1 |a Теория упругости неоднородных тел  |e библиографический указатель отечественной и иностранной литературы за 1974-1979 гг.  |f Академия наук Молдавской ССР (АН МССР) 
210 |a Кишинев  |c Штиинца  |d 1987 
215 |a 165 с.  |d 22 см 
320 |a Именной указатель: с. 141-158 
320 |a Список названий журналов : с. 159-163 
606 1 |a Упругость, теория  |2 stltpush  |3 (RuTPU)RU\TPU\subj\63144  |9 80188 
606 1 |a Библиографические пособия  |x По строению материи  |2 stltpush  |3 (RuTPU)RU\TPU\subj\28561  |9 52079 
610 1 |a слоистые тела 
610 1 |a неоднородные тела 
610 1 |a разномодульные тела 
610 1 |a пространственные задачи 
610 1 |a плоские задачи 
610 1 |a изгиб 
610 1 |a кручение 
610 1 |a температурные задачи 
610 1 |a библиографические указатели 
675 |a 539.3(01)  |z rus  |v 4 
686 |a Я19:539  |v LBC/SL-A  |2 rubbk 
712 0 2 |a Академия наук Молдавской ССР (АН МССР)  |2 stltpush  |3 (RuTPU)RU\TPU\col\85 
801 0 |a RU  |b RuMRKP  |c 19960705  |g psbo 
801 1 |a RU  |b 63413507  |c 20141008 
801 2 |a RU  |b 63413507  |c 20170309  |g RCR 
942 |c BK